Материалы I Всероссийского Съезда Советов

Доступно только в Электронных читальных залах Найти на картеНа карте
RUSMARC
00003911nac2a22002771x 450
0012cb43f7e-6f0e-48f1-9471-560c755f1131
00520150527221634.0
100##$a20140902l1917 k y0rusy50 ca
1010#$arus
102##$aRU
105##$ay z |||||
1220#$ad19171231
2001#$aМатериалы I Всероссийского Съезда Советов
$j1917
$e(Сверка материалов с Известиями Петроградского Совета Рабочих и Солдатских Депутатов)
215##$a28 листов
251##$cДело
300##$aЗаголовок дела на папке отсутствует
300##$aРукописный текст
330##$aМатериалы I-го Всероссийского съезда Советов рабочих и солдатских депутатов; Финансово-экономическая секция, экономическая и рабочая секции I съезда Советов
461#0$1001RuPRLIB510117805
$12001
$aВсероссийский центральный исполнительный комитет советов рабочих и солдатских депутатов I-го созыва
$1251
$cФонд
$1852
$gР
$j6978
462#0$1001RuPRLIB510117806
$12001
$a1917 год
$1251
$cОпись
$1852
$j1
60102$aВсероссийский центральный исполнительный комитет с. р. и с. д. Созыв (1)
60102$3RU\NLR\AUTH\661354092
$aВсероссийский съезд советов
$d1
$f1917
$eПетроград
60102$3RU\NLR\AUTH\661369109
$aПетроградский Совет рабочих и солдатских депутатов
801#0$aRU
$bGA_RF
801#1$aRU
$bНПО Опыт
$c20140902
$2rusmarc
801#2$aRU
$bПБ им. Б.Н. Ельцина
$c20150527
$gRCR
$2rusmarc
852##$aГА РФ
$j85
937##$d51161022
$hПБ
035##$aRuPRLIB51016052
Формат отображения